000 00948nam a2200277 a 4500
005 20130826154351.0
008 970723s1998 mnua b 000 0aeng
010 _aENG-94724
020 _a8176210021
_c295.00
035 _aEN-78257
037 _bDPL
_aUBH/VEN
040 _bEnglish
082 _a230.35
100 _aO'Brien, Justin
245 _aWalking with a Himalayan master :
_bSwami Rama /
_cby Justin O'Brien
260 _aNew Delhi
_bFull Circle
_c2007(repr.).
270 _aJ-40, Jorbagh Lane,
_bNew Delhi
_e110003
300 _aix, 409 p. :
_bill. ;
_c24cm(pbk)
500 _aIncludes glossary
600 _aJaidev,
_cSwami,
_d1932-
600 _aRama,
_cSwami,
_d1925-
650 _aSpiritual biography
_zUnited States.
650 _aTheologians
_zUnited States
_xBiography.
942 _2ddc
_cEN
_h230.35
_mOBR
999 _c29138
_d29138